000 00698nam a2200289Ia 4500
005 20260324150522.0
008 008 260324s9999 xx 000 0 eng d
020 _a9780203787342
037 _aEBOOK
040 _aCRL
040 _beng
040 _cCRL
041 _2eng
041 _aeng
084 _qCRL
100 _aJohn R. Commons
_91212003
245 0 _aLegal Systems and Incest Taboos
245 4 _bThe Transition from Childhood to Adolescence
260 _bTaylor and Francis
260 _c1964
365 _a
365 _b65.99
856 _uhttp://www.taylorfrancis.com/books/9780203787342
942 _cEBOOK
999 _c1836277
_d1836277